| 000 | 01398 a2200181 4500 | ||
|---|---|---|---|
| 003 | NUST | ||
| 005 | 20221114180720.0 | ||
| 020 | _a817888299x | ||
| 040 | _cNust | ||
| 082 | _a512.5,PAN | ||
| 100 |
_aPande, HD _9102591 |
||
| 245 |
_aA textbook of algebra materics and trigonometry / _cHD pande ,Nand Lal Singh Sharad Mehrotra,Ds pandey |
||
| 260 |
_a NEW DELHI _bDominant publishers _c2005 |
||
| 300 | _a510 p.: | ||
| 505 | _a Unitt-1 , Algebra and Matrices (Page-1), Unit –ii, Relation, Mappings and Congruence Modulo (Page-1-21), Matrices(Page-22-132), Unit-ii, Algebra Equations (Page-133-211), Unit-iii, Concept of Groups and Subgroups (Page-212-245), Permutation Group and Cyclic Group (Page-246-280), Order of an Element Cay leys Theorem and Cosets (Page-281-304), Homomorphism and Isomorphism (Page-304-312), Normal Subgroups (Page-313-320), Quotient Groups(Page-321-341), Unit-iv, Ring, Integral Domains and Fields (Page-342- 366 ), Characteristic of Ring (Page-366-371), Part-ii, Unit,-v, Application of De Moirés Theorem (Page-342-413), Exponential, Circular , Hyperbolic and Logarithmic Functions of complex Quantities (Page-414-444), General Exponential , Inverse Circular and Hyperbolic Functions of Complex Quantities (Page-445-465), Unit-vi, Summation of Series (Page-466-507), Answer (Page-508-510). | ||
| 650 |
_aAlgebra, Trigonometry _9102592 |
||
| 942 |
_2ddc _cBK _k512.5,PAN |
||
| 999 |
_c176906 _d176906 |
||